<The> Role of Motivation in Learning Foreign Languages

Hlavné teórie motivácie, ktoré zohrávajú významnú úlohu pri výučbe cudzích jazykov.

Salvato in:
Dettagli Bibliografici
Autore principale: Pašková, Hana
Natura: Capitolo di libro
Lingua:inglese
Soggetti:
Tags: Aggiungi Tag
Nessun Tag, puoi essere il primo ad aggiungerne!!

MARC

LEADER 00000nla a2200000 4500
001 0238398
005 20240502073845.6
041 0 |a eng 
044 |a SK 
245 1 0 |a <The> Role of Motivation in Learning Foreign Languages  |c Hana Pašková 
520 |a Hlavné teórie motivácie, ktoré zohrávajú významnú úlohu pri výučbe cudzích jazykov. 
610 2 0 |a jazyky cudzie 
610 2 0 |a motivácia 
610 2 0 |a výučba vedecká 
610 2 0 |a komunikácia 
100 1 |a Pašková, Hana